[Event "Barcelona Sant Marti op-B 25th"]
[Site "Barcelona"]
[Date "2025.07.21"]
[Round "9"]
[White "Vargas Drechsler, Carlos"]
[Black "Danielyan, Narek"]
[Result "1-0"]
[WhiteElo "1913"]
[BlackElo "1713"]
[PlyCount "125"]
[EventDate "2025.07.13"]
[EventType "swiss"]
[EventRounds "9"]
[EventCountry "ESP"]
[SourceTitle "CB30_2025"]
[SourceDate "2025.07.23"]
[SourceVersion "1"]
[SourceVersionDate "2025.07.23"]
[SourceQuality "1"]

1. Nf3 d5 2. c4 e6 3. d4 Nf6 4. g3 Bb4+ 5. Bd2 Bxd2+ 6. Nbxd2 Nc6 7. Bg2 0-0 8. 0-0 b6 9. Rc1 Bb7 10. e3 Ba6 11. Qa4 Nb8 12. Rfe1 c6 13. cxd5 Bb5 14. Qb3 exd5 15. Ne5 Qd6 16. a4 Ba6 17. Rc3 Bb7 18. Rec1 Nfd7 19. f4 Nxe5 20. fxe5 Qh6 21. a5 b5 22. Nf1 Kh8 23. e4 dxe4 24. Bxe4 f6 25. e6 f5 26. e7 Re8 27. a6 Nxa6 28. Bxc6 Bxc6 29. Rxc6 Qg5 30. h4 Qxe7 31. Rxa6 Qb7 32. Rac6 Re4 33. Qd5 Rae8 34. Qxf5 Rxd4 35. Rc8 Rdd8 36. Rxd8 Rxd8 37. Qc5 h6 38. Qc6 Qb8 39. Qc7 Qxc7 40. Rxc7 a5 41. Rc5 Rb8 42. Kf2 a4 43. Ke2 b4 44. Ra5 Rc8 45. Ne3 a3 46. bxa3 bxa3 47. Rxa3 Kh7 48. h5 Rc7 49. Ra6 Rb7 50. Rg6 Rb5 51. g4 Rg5 52. Ra6 g6 53. Ra7+ Kh8 54. hxg6 Rxg6 55. Kf3 Rg7 56. Rxg7 Kxg7 57. Kf4 Kg6 58. Ng2 Kg7 59. Kf5 Kf7 60. Nf4 Kg7 61. Ke6 Kh7 62. Kf7 Kh8 63. Kg6 1-0

[Event "Barcelona Sant Marti op-B 25th"]
[Site "Barcelona"]
[Date "2025.07.20"]
[Round "8"]
[White "Danielyan, Narek"]
[Black "Franzoni Ladron, De Guevara Enric"]
[Result "1-0"]
[WhiteElo "1713"]
[BlackElo "1841"]
[PlyCount "73"]
[EventDate "2025.07.13"]
[EventType "swiss"]
[EventRounds "9"]
[EventCountry "ESP"]
[SourceTitle "CB30_2025"]
[SourceDate "2025.07.23"]
[SourceVersion "1"]
[SourceVersionDate "2025.07.23"]
[SourceQuality "1"]

1. d4 Nf6 2. Nf3 e6 3. c4 Bb4+ 4. Nc3 d5 5. Bg5 h6 6. Bh4 Nbd7 7. Bxf6 Bxc3+ 8. bxc3 Qxf6 9. e3 b6 10. cxd5 exd5 11. Rc1 0-0 12. Be2 Bb7 13. 0-0 c5 14. c4 dxc4 15. Rxc4 b5 16. Rc2 c4 17. Rb2 a6 18. a4 Qc6 19. Qb1 Rfb8 20. axb5 axb5 21. Rxb5 Ba6 22. Rb4 Rxb4 23. Qxb4 Rb8 24. Ne5 Qe6 25. Qa5 Nxe5 26. Qxe5 Qb6 27. h3 Qb2 28. Qa5 Qxe2 29. Qxa6 Rb2 30. d5 Rd2 31. d6 Qd3 32. d7 Qxd7 33. Qxc4 Qf5 34. Qb4 Rc2 35. Qb1 Qc5 36. Rd1 Qf5 37. Rd2 1-0

[Event "Barcelona Sant Marti op-B 25th"]
[Site "Barcelona"]
[Date "2025.07.17"]
[Round "5"]
[White "Danielyan, Narek"]
[Black "Muntane Aznar, Juan Manuel"]
[Result "1/2-1/2"]
[WhiteElo "1713"]
[BlackElo "1813"]
[PlyCount "108"]
[EventDate "2025.07.13"]
[EventType "swiss"]
[EventRounds "9"]
[EventCountry "ESP"]
[SourceTitle "CB30_2025"]
[SourceDate "2025.07.23"]
[SourceVersion "1"]
[SourceVersionDate "2025.07.23"]
[SourceQuality "1"]

1. d4 d5 2. Nf3 Nf6 3. Bf4 Bf5 4. e3 e6 5. a3 Be7 6. c4 c6 7. Nc3 Nbd7 8. Be2 Ne4 9. Nxe4 Bxe4 10. 0-0 0-0 11. Rc1 a5 12. Bd3 Nf6 13. Qb3 Bxf3 14. gxf3 Qd7 15. Kh1 Nh5 16. Bg3 Bd6 17. Qc2 f5 18. Rg1 g6 19. cxd5 cxd5 20. Bxd6 Qxd6 21. Qc5 Qxc5 22. Rxc5 f4 23. e4 Nf6 24. Rb5 Rf7 25. Rc1 dxe4 26. fxe4 Rd7 27. d5 Kg7 28. Rcc5 exd5 29. exd5 f3 30. h3 Rad8 31. Kh2 Rxd5 32. Rxd5 Rxd5 33. Rxd5 Nxd5 34. Be4 Nf4 35. Kg3 g5 36. h4 h6 37. hxg5 hxg5 38. Bxb7 Nd3 39. b3 Kf6 40. Kxf3 Ke5 41. Ba6 Ne1+ 42. Kg4 Kf6 43. b4 axb4 44. axb4 Nc2 45. b5 Nd4 46. b6 Nc6 47. b7 Nb8 48. Bb5 Kg6 49. f3 Kf6 50. Kh5 Kf5 51. Be2 Kf6 52. Kg4 Nd7 53. Kh5 Nb8 54. Bf1 Nd7 1/2-1/2

[Event "Barcelona Sant Marti op-B 24th"]
[Site "Barcelona"]
[Date "2024.07.18"]
[Round "6"]
[White "Danielyan, Narek"]
[Black "Flores Munoz, Daniel"]
[Result "1-0"]
[WhiteElo "1574"]
[BlackElo "1716"]
[PlyCount "63"]
[EventDate "2024.07.13"]
[EventType "swiss"]
[EventRounds "9"]
[EventCountry "ESP"]
[SourceTitle "EXT 2025"]
[Source "ChessBase"]
[SourceDate "2024.10.14"]
[SourceVersion "1"]
[SourceVersionDate "2024.10.14"]
[SourceQuality "1"]

1. d4 f5 2. Nf3 Nf6 3. c4 e6 4. Nc3 c6 5. Bg5 Be7 6. Bxf6 Bxf6 7. e4 fxe4 8. Nxe4 0-0 9. c5 Be7 10. Bc4 d5 11. cxd6 Bxd6 12. 0-0 Bc7 13. Re1 Kh8 14. Nc5 b6 15. Nxe6 Bxe6 16. Bxe6 Qf6 17. b3 Na6 18. Qd3 b5 19. Rac1 Bf4 20. Rc3 Rae8 21. Bd7 Rxe1+ 22. Nxe1 Bxh2+ 23. Kxh2 Qd6+ 24. Qg3 Qxd7 25. Nf3 Rf6 26. b4 Qf5 27. Qe5 Rh6+ 28. Kg1 Qd7 29. d5 Rd6 30. dxc6 Rxc6 31. Rd3 Qf7 32. Rd8+ 1-0

[Event "Barcelona Sant Marti op-B 24th"]
[Site "Barcelona"]
[Date "2024.07.15"]
[Round "3"]
[White "Berishvili, Luka"]
[Black "Danielyan, Narek"]
[Result "0-1"]
[WhiteElo "1776"]
[BlackElo "1574"]
[PlyCount "92"]
[EventDate "2024.07.13"]
[EventType "swiss"]
[EventRounds "9"]
[EventCountry "ESP"]
[SourceTitle "EXT 2025"]
[Source "ChessBase"]
[SourceDate "2024.10.14"]
[SourceVersion "1"]
[SourceVersionDate "2024.10.14"]
[SourceQuality "1"]

1. e4 e5 2. Nf3 Nf6 3. Nc3 Nc6 4. Bb5 d6 5. d4 exd4 6. Nxd4 Bd7 7. 0-0 Be7 8. Bf4 0-0 9. Nxc6 bxc6 10. Bc4 Qb8 11. Bb3 Be6 12. Re1 Bxb3 13. axb3 Rd8 14. Qf3 Qb7 15. e5 dxe5 16. Bxe5 Rd2 17. Bf4 Rd7 18. Bg5 Rb8 19. Qe3 h6 20. Bh4 Qb6 21. Qg3 c5 22. Qh3 Rbd8 23. Na4 Qc6 24. Nc3 a6 25. Qg3 Kf8 26. Qe3 Re8 27. Bxf6 Qxf6 28. Qe4 Rd2 29. Nd1 Qg6 30. Qxg6 fxg6 31. Ne3 Bg5 32. Rac1 Rd6 33. Rcd1 Bxe3 34. fxe3 Rxe3 35. Rxd6 Rxe1+ 36. Kf2 cxd6 37. Kxe1 Ke7 38. c4 Ke6 39. Ke2 Ke5 40. Ke3 g5 41. g4 g6 42. h3 a5 43. b4 axb4 44. b3 h5 45. Kf3 Kd4 46. gxh5 gxh5 0-1

[Event "Barcelona Sant Marti op-B 23rd"]
[Site "Barcelona"]
[Date "2023.07.19"]
[Round "7"]
[White "Danielyan, Narek"]
[Black "Lozon Urena, Xavier"]
[Result "1/2-1/2"]
[WhiteElo "1315"]
[BlackElo "1473"]
[PlyCount "39"]
[EventDate "2023.07.13"]
[EventType "swiss"]
[EventRounds "9"]
[EventCountry "ESP"]
[SourceTitle "CBM 215 Extra"]
[Source "ChessBase"]
[SourceDate "2023.09.30"]
[SourceVersion "1"]
[SourceVersionDate "2023.09.30"]
[SourceQuality "1"]

1. e4 Nf6 2. Nc3 d5 3. exd5 Nxd5 4. d4 Nxc3 5. bxc3 c5 6. Nf3 Bg4 7. h3 Bh5 8. Bb5+ Nd7 9. dxc5 Bxf3 10. Qxf3 Qc8 11. c6 bxc6 12. Qxc6 e6 13. Qxd7+ Qxd7 14. Bxd7+ Kxd7 15. 0-0 Bc5 16. Be3 Rhc8 17. Rfd1+ Ke7 18. Rd3 Rab8 19. Bc1 Rc6 20. c4 1/2-1/2